The effect on students' attitudes of the computer as a teaching aid (Record no. 67128)

MARC details
000 -CABECERA
campo de control de longitud fija 00712nam a2200241 a 4500
005 - FECHA Y HORA DE LA ÚLTIMA TRANSACCIÓN
campo de control 20210219153041.0
008 - ELEMENTOS DE LONGITUD FIJA--INFORMACIÓN GENERAL
campo de control de longitud fija 991125n 000 0 u
035 ## - NÚMERO DE CONTROL DEL SISTEMA
Número de control de sistema UPN01000074792
100 ## - ASIENTO PRINCIPAL--NOMBRE PERSONAL
Nombre de persona Ganguli, Aparna B.
222 #0 - TÍTULO CLAVE
Título clave EDUCATIONAL STUDIES IN MATHEMATICS
245 #0 - MENCIÓN DE TÍTULO
Título The effect on students' attitudes of the computer as a teaching aid
300 ## - DESCRIPCIÓN FÍSICA
Extensión 611-618
362 ## - FECHAS DE PUBLICACIÓN Y/O DESIGNACIÓN SECUENCIAL
Fecha de publicación y/o designación secuencial 23, No. 6, 1992
505 ## - NOTA DE CONTENIDO CON FORMATO PREESTABLECIDO
Nota de contenido con formato Noviembre 1993
653 0# - TERMINO DE INDIZACION - NO CONTROLADO
Término no controlado ACTITUDES DEL ESTUDIANTE
653 0# - TERMINO DE INDIZACION - NO CONTROLADO
Término no controlado CAMBIO DE ACTITUD
653 0# - TERMINO DE INDIZACION - NO CONTROLADO
Término no controlado DISELO ASISTIDO POR ORDENADOR
653 0# - TERMINO DE INDIZACION - NO CONTROLADO
Término no controlado ENSE\197ANZA MATEMATICA
653 0# - TERMINO DE INDIZACION - NO CONTROLADO
Término no controlado METODOS DE ENSE\197ANZA
653 0# - TERMINO DE INDIZACION - NO CONTROLADO
Término no controlado MICROCOMPUTADORAS
904 ## - ELEMENTOS DE DATOS D LOCAL, LDD (RLIN)
a AC
b 012603
905 ## - TIPO DE MATERIAL
Tipo de material Articulo

No items available.